Burguesía y cultura (Record no. 142412)

MARC details
000 -LEADER
campo de control de longitud fija 00957nam a2200277 i 4500
001 - NÚMERO DE CONTROL
campo de control 142412
003 - IDENTIFICADOR DE NÚMERO DE CONTROL
campo de control ES-MaACL
005 - FECHA Y HORA DE LA ÚLTIMA TRANSACCIÓN
campo de control 20250815050652.0
007 - CAMPO FIJO DE DESCRIPCIÓN FÍSICA--INFORMACIÓN GENERAL
campo de control de longitud fija t|
008 - DATOS DE LONGITUD FIJA--INFORMACIÓN GENERAL
campo de control de longitud fija 071005s1980 sp |||| | spa d
020 ## - NÚMERO INTERNACIONAL ESTÁNDAR DEL LIBRO
Número Internacional Estándar del Libro 84-323-0379-8
100 1# - ENTRADA PRINCIPAL--NOMBRE DE PERSONA
Nombre de persona Villacorta Baños, Francisco
9 (RLIN) 114913
245 10 - MENCIÓN DEL TÍTULO
Título Burguesía y cultura
Resto del título : los intelectuales españoles en la sociedad liberal, 1808-1931 /
Mención de responsabilidad, etc. por Francisco Villacorta Baños.
250 ## - MENCION DE EDICION
Mención de edición 1ª ed.
260 ## - PUBLICACIÓN, DISTRIBUCIÓN, ETC.
Lugar de publicación, distribución, etc. Madrid :
Nombre del editor, distribuidor, etc. Siglo XXI de España,
Fecha de publicación, distribución, etc. 1980.
300 ## - DESCRIPCIÓN FÍSICA
Extensión 313 p. ;
Dimensiones 18 cm.
490 1# - MENCIÓN DE SERIE
Mención de serie Estudios de historia contemporánea
500 ## - NOTA GENERAL
Nota general Índice.
504 ## - NOTA DE BIBLIOGRAFÍA, ETC.
Nota de bibliografía, etc. Bibliografía.
650 #4 - PUNTO DE ACCESO ADICIONAL DE MATERIA--TÉRMINO DE MATERIA
Término de materia o nombre geográfico como elemento de entrada Intelectuales-
Subdivisión geográfica España-
Subdivisión cronológica S.XIX.
9 (RLIN) 154348
650 #4 - PUNTO DE ACCESO ADICIONAL DE MATERIA--TÉRMINO DE MATERIA
Término de materia o nombre geográfico como elemento de entrada Intelectuales-
Subdivisión geográfica España-
Subdivisión cronológica S.XX.
9 (RLIN) 13853
650 #4 - PUNTO DE ACCESO ADICIONAL DE MATERIA--TÉRMINO DE MATERIA
Término de materia o nombre geográfico como elemento de entrada Ideología-
Subdivisión geográfica España-
Subdivisión de forma Historia.
9 (RLIN) 150132
830 00 - PUNTO DE ACCESO ADICIONAL DE SERIE-TÍTULO UNIFORME
Título uniforme Estudios de historia contemporánea (Siglo XXI)
9 (RLIN) 181254
852 ## - LOCALIZACIÓN
Ubicación ES-MaACL
Número de control de estantería L-12035
Holdings
Estatus retirado Estado de pérdida Estado de daño No para préstamo Biblioteca de origen Biblioteca actual Ubicación en estantería Fecha de adquisición Fuente de adquisición Total de préstamos Signatura topográfica completa Código de barras Visto por última vez Precio de reemplazo Tipo de ítem Koha
        Biblioteca del Ateneo de Madrid Biblioteca del Ateneo de Madrid Depósito 2 17/01/2008     L-12035 1148179 23/02/2023 23/02/2023 Libro impreso